Представление документа в формате RUSMARC

ПолеНазваниеЗначение
  Тип записи a
  Библиографический уровень m
001 Контрольный номер RU/IS/BASE/278589451
005 Дата корректировки 20201206204614.0
010 Индекс ISBN __
a ISBN 5-93913-056-9
d Цена 202-66
100 Данные общей обработки __
a Данные общей обработки 19040319d2004 |||y0rusy0189 ca
101 Язык документа 0_
a Язык текста rus
102 Страна публикации __
a Страна публикации RU
105 Кодированные данные (монография) __
a Кодированные данные (монография) y |||||||zy
200 Заглавие и сведения об ответственности 1_
a Заглавие Информационное обслуживание: продукты и услуги, предоставляемые библиотеками и службами информации предприятий
e Сведения, относящиеся к заглавию учеб.-практ. пособие
f Первые сведения об ответственности В. В. Брежнева, В. А. Минкина ; С.-Петерб. гос. ун-т культуры и искусств
b Общее обозначение материала Текст
210 Выходные данные __
a Место издания СПб.
c Издательство Профессия
d Дата издания 2006
215 Физическое описание __
a Объем 303 с.
c Иллюстрации/тип воспроизводства ил.
225 Серия __
a Серия Библиотека
320 Библиография __
a Библиография Предм. указ.: с. 297-303. - Библиогр.: с. 250-256 (116 назв.)
330 Аннотация __
a Аннотация Информационное обслуживание рассматривается с позиций сервисной деятельности. Авторами подробно охарактеризованы свойства информационных потребностей, пути их выявления, описаны причины неопределенности читательских запросов.
606 Тематические рубрики __
a Основная рубрика Библиотечное дело
a Основная рубрика Библиотечное обслуживание читателей
y Географическая подрубрика РФ; Российская Федерация; Россия
610 Ключевые слова __
a Ключевые слова информационно-библиографическое обеспечение; массовые библиотеки; библиографическая работа; информационно-библиографическая работа; информационное обслуживание; библиотечный маркетинг; информационная продукция; справочно-информационное обслуживание; информационный сервис
686 Индексы других классификаций __
a Классификационный индекс 78.377я73
700 Автор _1
a Фамилия Брежнева
b Имя В. В.
g Полное личное имя Валентина Владимировна
4 Код отношения 070
702 Вторичная интеллектуальная ответственность _1
a Фамилия Минкина
b Имя В. А.
4 Код отношения Автор
g Полное личное имя Валентина Альфредовна
4 Код отношения 070
801 Источник записи _0
a Страна RU
b Организация Муниципальное бюджетное учреждение культуры "Централизованная библиотечная система" г. Сургут (Центральная городская библиотека им. А. С. Пушкина)
c Дата составления 20040319
g Правила каталогизации КиК/Елгина
801 Источник записи _1
a Страна RU
b Организация Муниципальное бюджетное учреждение культуры "Централизованная библиотечная система" г. Сургут (Центральная городская библиотека им. А. С. Пушкина)
c Дата составления 20040319
g Правила каталогизации КиК/Елгина
852 Данные о местонахождении __
j Шифр хранения 78.377я73
i Авторский знак Б 87
901 Тип документа __
t Тип документа m
903 Характеристики (МАРС) __
a Дата передачи 20081029
969 Тип издания __
a Тип издания практическое пособие
990 Данные о заказе (DOS) __
t N записи в КСУ для И/У (DOS) 200811
j Количество экземпляров (DOS) 1